| 000 | 01186nam a2200301 i 4500 | ||
|---|---|---|---|
| 001 | 000045212 | ||
| 003 | DO-SdBNP | ||
| 005 | 20251120073733.0 | ||
| 007 | ta | ||
| 008 | 150210s1998 dr ad 000 0 spa d | ||
| 040 |
_aDO-SdBNP _bspa _cBNPHU _erda |
||
| 082 | 4 |
_a320.97293 _bD812c, 1998 _222 |
|
| 245 | 0 | 0 |
_aCultura política y democracia en la República Dominicana, 1997 : _b resultados de la II Encuesta Nacional de Cultura Política y Democracia (DEMOS-97) / _cdirección, Isis Duarte, Ramonina Brea, Ramón Tejada Holguín. |
| 264 |
_aSanto Domingo : _bPUCMM ; PROFAMILIA, _c1998. |
||
| 300 |
_a163 páginas : _bilustraciones, _c28 cm. |
||
| 336 |
_2rdacontent _atexto _btxt |
||
| 337 |
_2rdamedia _asin mediación _bnc |
||
| 338 |
_2rdacarrier _avolumen _bn |
||
| 504 | _aBibliografía : p. 154-162 | ||
| 590 | _aInventariado, 2023/MFF | ||
| 700 | 1 |
_aDuarte, Isis _92123 |
|
| 700 | 1 |
_aBrea, Ramonina _98319 |
|
| 700 | 1 |
_aTejada Holguín, Ramón, _d1961- _929856 |
|
| 710 | 2 |
_aPontificia Universidad Católica Madre y Maestra _9843 |
|
| 710 | 2 |
_aAsociación Dominicana Pro Bienestar de la Familia _956602 |
|
| 910 | _aValidado. Control de calidad MFF | ||
| 942 |
_2ddc _cLBS1 |
||
| 999 |
_c44701 _d44701 |
||